Полимерные материалы для производства негорючих кабелей; Энергетика, электромеханика и энергоэффективные технологии глазами молодежи

Detalles Bibliográficos
Parent link:Энергетика, электромеханика и энергоэффективные технологии глазами молодежи.— 2014.— [С. 221-222]
Autor principal: Лазарева Н. В.
Sumario:Заглавие с титульного экрана
Lenguaje:ruso
Publicado: 2014
Colección:Эффективная энергетика
Materias:
Acceso en línea:http://earchive.tpu.ru/handle/11683/73432
Formato: Electrónico Capítulo de libro
KOHA link:https://koha.lib.tpu.ru/cgi-bin/koha/opac-detail.pl?biblionumber=609640

MARC

LEADER 00000naa2a2200000 4500
001 609640
005 20260324161213.0
035 |a (RuTPU)RU\TPU\conf\7135 
035 |a RU\TPU\conf\7132 
090 |a 609640 
100 |a 20141124d2014 k y0rusy50 ca 
101 0 |a rus 
102 |a RU 
135 |a drgn ---uucaa 
181 0 |a i  
182 0 |a b 
200 1 |a Полимерные материалы для производства негорючих кабелей  |f Н. В. Лазарева 
203 |a Текст  |c электронный 
225 1 |a Эффективная энергетика 
300 |a Заглавие с титульного экрана 
320 |a [Библиогр.: с. 222 (2 назв.)] 
337 |a Adobe Reader 
463 0 |0 (RuTPU)RU\TPU\conf\6937  |t Энергетика, электромеханика и энергоэффективные технологии глазами молодежи  |o материалы Второй российской молодежной научной школы-конференции, г.Томск, 29-31 октября 2014 г.  |f Национальный исследовательский Томский политехнический университет (ТПУ) ; Российский фонд фундаментальных исследований (РФФИ) ; ред. кол. А. С. Ивашутенко , Е. П. Богданов , Т. В. Усачева  |v [С. 221-222]  |d 2014 
610 1 |a труды учёных ТПУ 
610 1 |a электронный ресурс 
610 1 |a полимерные материалы 
610 1 |a производство 
610 1 |a негорючие кабели 
610 1 |a кабели 
610 1 |a полимеры 
610 1 |a пожарная безопасность 
610 1 |a горючесть 
610 1 |a горючие материалы 
700 1 |a Лазарева  |b Н. В. 
801 2 |a RU  |b 63413507  |c 20141124  |g RCR 
801 2 |a RU  |b 63413507  |c 20221101  |g RCR 
856 4 |u http://earchive.tpu.ru/handle/11683/73432 
942 |c BK